Fundamentals of database systems / (Record no. 154)
[ view plain ]
| 000 -LEADER | |
|---|---|
| fixed length control field | 00781cam a22002412 4500 |
| 001 - CONTROL NUMBER | |
| control field | 0000000295 |
| 005 - DATE AND TIME OF LATEST TRANSACTION | |
| control field | 20151021151044.0 |
| 008 - FIXED-LENGTH DATA ELEMENTS--GENERAL INFORMATION | |
| fixed length control field | 070122s xx 000 0 eng d |
| 020 ## - INTERNATIONAL STANDARD BOOK NUMBER | |
| International Standard Book Number | 8129702282 : |
| Terms of availability | KES 3,800 |
| 040 ## - CATALOGING SOURCE | |
| Original cataloging agency | KABU |
| Transcribing agency | KABU |
| 050 #0 - LIBRARY OF CONGRESS CALL NUMBER | |
| Classification number | QA76.9 |
| Item number | .D3E46 2004 |
| 100 1# - MAIN ENTRY--PERSONAL NAME | |
| Personal name | Elmasri, Ramez. |
| -- | 0000148410 |
| 245 10 - TITLE STATEMENT | |
| Title | Fundamentals of database systems / |
| Statement of responsibility, etc. | Ramez Elmasri, Shamkant B. Navathe. |
| 250 ## - EDITION STATEMENT | |
| Edition statement | 4th ed. |
| 260 ## - PUBLICATION, DISTRIBUTION, ETC. (IMPRINT) | |
| Place of publication, distribution, etc. | Delhi : |
| Name of publisher, distributor, etc. | Pearson Educ., |
| Date of publication, distribution, etc. | 2004. |
| 300 ## - PHYSICAL DESCRIPTION | |
| Extent | 1010 p. |
| 650 #0 - SUBJECT ADDED ENTRY--TOPICAL TERM | |
| Topical term or geographic name as entry element | Database management. |
| -- | 0000148184 |
| 700 1# - ADDED ENTRY--PERSONAL NAME | |
| Personal name | Navathe, Shamkant B. |
| -- | 0000148411 |
| 908 ## - PUT COMMAND PARAMETER (RLIN) | |
| Put command parameter | 070122 |
| 950 ## - LOCAL HOLDINGS (RLIN) | |
| -- | 1 |
| Withdrawn status | Lost status | Source of classification or shelving scheme | Not for loan | Home library | Current library | Date acquired | Total Checkouts | Full call number | Barcode | Date last seen | Date last checked out | Price effective from | Koha item type | Damaged status | Total Renewals |
|---|---|---|---|---|---|---|---|---|---|---|---|---|---|---|---|
| Library of Congress Classification | Kabarak, Main Campus | Kabarak, Main Campus | 17/12/2015 | 8 | QA76.9 .D3E46 2004 | 008128 | 03/10/2025 | 23/09/2025 | 17/12/2015 | General Collection | 1 | ||||
| Library of Congress Classification | Kabarak, Main Campus | Kabarak, Main Campus | 17/12/2015 | 19 | QA76.9 .D3E46 2004 | 020742 | 01/10/2024 | 28/09/2024 | 17/12/2015 | General Collection | |||||
| Library of Congress Classification | Kabarak, Nakuru City Campus | Kabarak, Nakuru City Campus | 21/10/2015 | 4 | QA76.9 .D3E46 2004 | 005629 | 10/07/2019 | 21/06/2019 | 21/10/2015 | General Collection | |||||
| Lost and Paid For | Library of Congress Classification | Kabarak, Nakuru City Campus | Kabarak, Nakuru City Campus | 21/10/2015 | QA76.9 .D3E46 2004 | 005630 | 21/10/2015 | 21/10/2015 | General Collection |